000 00763cam a2200277 4500
008 090401t1993 xxu||||| |||| 00| 0 eng d
020 _a0860173704
035 _a(Sirsi) u54183
041 _aeng
050 _a627.17
110 _aConstruction Industry Research and Information Association
_94810
245 2 _aA study of the impact of urbanisation on the Thames Gravels aquifer
260 _aLondon
_bCIRIA
_c1993
300 _a181p. : ill. maps ; 30cm.
350 _a0
490 _aCIRIA Report
_v129
650 _aGROUNDWATER
650 _aLONDON
650 _aPECK CATCHMENT AREA
650 _aTHAMES GRAVELS AQUIFER
650 _aTYBURN CATCHMENT AREA
650 _aWATER TABLE
690 _aWATER
942 _n0
948 _c04/03/1997
999 _c93432
_d93432